000 00421nam a2200169Ia 4500
999 _c86012
_d86012
003 0100
005 20180307142725.0
008 130307s9999 xx 000 0 und d
040 _cARRUPELIB
050 _aDT952.W3 1934
100 _aWallace, C.A
_940263
245 4 _aThe Great Zimbabwe Ruins:
_bMashonaland and Southern Rhodesia /
260 _aSouthern Rhodesia
_bThe Curator, Zimbabwe Ruins
_c1934
300 _a86p
650 _aGreat Zimbabwe (Antiquities)
_zZimbabwe
_940264
942 _2lcc
_cMONOGRAPH